000 00367nam a22001217a 4500
020 _a978-7508542751
040 _cNUST
082 _a931
_bCHI
245 _aEvery treasure tells a story : Season 2 /
_cChina Intercontinental Press.
260 _aBeijing Shi :
_bChina Intercontinental Press,
_c2019.
300 _a273 pages : illustrations ; 21 cm
942 _2ddc
_cBK
999 _c587920
_d587920